| 000 | 03306nam0a2200373 4500 | ||
|---|---|---|---|
| 001 | RU\NLR\BIBL_A\022686114 | ||
| 005 | 20260408162216.0 | ||
| 010 |
_a978-5-91155-455-2 _9500 |
||
| 021 |
_aRU _bКН-П-25-062146 _9КН-П-25-6007 |
||
| 035 | _a(NLR Aleph) 022686114 | ||
| 090 |
_a13653190 _c13653190 |
||
| 100 | _a20251211d2025 k y0rusy50 ca | ||
| 101 | 0 | _arus | |
| 102 | _aRU | ||
| 105 | _aac z 00yy | ||
| 181 | 0 |
_ai _baxxe |
|
| 182 | 0 | _an | |
| 200 | 1 |
_aРазвитие метапредметных умений обучающихся как ресурс повышения качества современного образования _e(из опыта работы педагогов Санкт-Петербурга и его отражение в исследованиях обучающихся) _eсборник методических материалов _fФедеральное государственное бюджетное образовательное учреждение высшего образования "Российский государственный педагогический университет имени А. И. Герцена", Государственное бюджетное образовательное учреждение Гимназия № 155 Центрального района Санкт-Петербурга _gотв. ред. О. Е. Шуйская [и др.] |
|
| 203 |
_aТекст _bвизуальный _cнепосредственный |
||
| 210 |
_aСанкт-Петербург _cИздательско-полиграфическая ассоциация высших учебных заведений _d2025 |
||
| 215 |
_a87 с. _cил., портр. _d21 |
||
| 320 | _aБиблиогр. в конце ст. | ||
| 606 | 1 |
_aШколы _xПреподавание _xМетапредметный подход _jМетодические пособия _2nlr_sh2 _3RU\NLR\AUTH\6601655600 |
|
| 686 | 1 | _aЧ421.221я8 | |
| 702 | 1 |
_aШуйская _bО. Е. _fОльга Евгеньевна _4340 |
|
| 711 | 1 | 2 |
_aСанкт-Петербургские городские историко-литературные чтения _d6 _f2024 _eСанкт-Петербург _3RU\NLR\AUTH\880636940 |
| 711 | 1 | 2 |
_a"Культура, наука, образование: прошлое, настоящее, будущее", научно-практическая конференция _d28 _f2025 _eСанкт-Петербург _3RU\NLR\AUTH\880636941 |
| 711 | 1 | 2 |
_a"Ценностный мир образования, науки, искусства. Метапредметный подход как поиск аксиологического единства", всероссийская научно-практическая конференция (с международным участием) _d5 _f2025 _eСанкт-Петербург _3RU\NLR\AUTH\880636942 |
| 712 | 0 | 2 |
_aРоссийский государственный педагогический университет им. А. И. Герцена _cСанкт-Петербург _3RU\NLR\AUTH\889929136 _4570 |
| 942 | _cBOOK | ||
| 980 | _aNB | ||